| 000 | 00698nam a22002297a 4500 | ||
|---|---|---|---|
| 999 |
_c18199 _d18199 |
||
| 003 | AR-CdUCM | ||
| 008 | 190513b ||||| |||| 00| 0 spa d | ||
| 040 |
_aMUNICIPALIDAD PROVINCIAL DEL CUSCO _cBIBLIOTECA MUNICIPAL DEL CUSCO |
||
| 082 |
_a848.9 / _bT82 |
||
| 100 |
_aTroyat, Henri _938657 |
||
| 245 |
_aLa nieve esta de duelo : _bNovela / |
||
| 260 |
_aBuenos Aires : _bEmecé editores, _c1953. |
||
| 300 |
_a152 páginas ; _c19 cm. |
||
| 440 |
_aGrandes novelistas _937701 |
||
| 505 | _aContenido : Novela. | ||
| 650 |
_aLiteratura _983 |
||
| 650 |
_aNovela _95 |
||
| 650 |
_aSiglo XX _98 |
||
| 700 |
_aFerro, Hellen (Traducción) _938658 |
||
| 942 |
_2ddc _cLIBROS |
||
| 945 |
_arah _d2019/05/13 |
||